000 00313nam a2200109 a 4500
008 101209s1962|||| d
245 1 0 _aSborník slovenského národného múzea
_bEtnografia 3
260 _bStredoslovenské vydavateľstvo
_aBanská Bystrica
_c1962
020 _c21
044 _axo
_cSK
041 _aslo
999 _c14983
_d14983